=LDR 00000nam 2200000 4500 =001 INLIS000000000050331 =005 20220404102741 =035 ##$$a 0010-0417000146 =007 ta =008 220404################g##########0#ind## =020 ##$$a 978 - 602 - 9212 - 10 - 5 =082 ##$$a 600 =084 ##$$a 600 San d =100 #$$a Santen, Rutger Van =245 1#$$a Dua ribu tiga puluh teknologi yang akan mengubah dunia /$c Rutger Van Santen =250 ##$$a Cet.1 =260 ##$$a Solo :$b Tiga Serangkai,$c 2011 =300 ##$$a viii, 400 hlm : $b Ilus ; $c 23 cm =990 ##$$a 31700350 =990 ##$$a 31700349 =990 ##$$a 31700349 =990 ##$$a 31700350